00739nam a2200229 a 450000100100000000500170001000800410002704000250006808200260009310000200011924000350013924500550017425000110022926000840024030000310032449000250035553400430038065000150042365000220043865000240046083000250048400002605020200930024247.0110225s1974 caua r 000 0 spa d aDO-SdBNPbspacBNPHU a302.2223bL673a, 19741 aLewis, Ralph M.13aLa Behold the sign.lEspañol14aLos antiguos símbolos sagrados /cRalph M Lewis. a5a ed. aSan José, (California, Estados Unidos) :bGran Logia Suprema de Amorc,c1974. a111, [1] p. :bil.a20 cm.1 aBiblioteca Rosacruz. aTítulo original:tLa Behold the sign 4aSimbolismo 4aImagenes e idolos 4aSimbolos religiosos 0aBiblioteca Rosacruz.